[Event "Tatry op"]
[Site "Tatranske Zruby"]
[Date "2006.09.23"]
[Round "1"]
[White "Zambor, Norbert"]
[Black "Justus, Ivan"]
[Result "0-1"]
[WhiteElo "2269"]
[BlackElo "1989"]
[PlyCount "68"]
[EventDate "2006.09.23"]
[EventType "swiss"]
[EventRounds "9"]
[EventCountry "SVK"]
[SourceTitle "CBM 114 Extra"]
[Source "ChessBase"]
[SourceDate "2006.11.03"]
[SourceVersion "1"]
[SourceVersionDate "2006.11.03"]
[SourceQuality "1"]

1. d4 Nf6 2. Bg5 Ne4 3. Bf4 c5 4. f3 Qa5+ 5. c3 Nf6 6. d5 e6 7. e4 Nh5 8. Bd2 exd5 9. c4 Qd8 10. exd5 Qh4+ 11. g3 Nxg3 12. hxg3 Qxh1 13. Qe2+ Kd8 14. Qf2 Qh5 15. Nc3 d6 16. 0-0-0 Be7 17. Bd3 f5 18. a3 Nd7 19. f4 Re8 20. Nf3 h6 21. b4 b6 22. Kc2 Ba6 23. Kb3 Rc8 24. b5 Bb7 25. a4 Kc7 26. a5 Rcd8 27. Ra1 Nf6 28. Na4 Ne4 29. Bxe4 fxe4 30. axb6+ axb6 31. Ne1 Bf6 32. Ra3 Qd1+ 33. Ka2 Qa1+ 34. Kb3 Qb1+ 0-1